000 00589nam a22001937a 4500
003 OSt
005 20251205011041.0
008 251205b |||||||| |||| 00| 0 eng d
020 _a9715690114
040 _aDWCL - Main
_cOC
082 _aFil. 899.21 G643y 1991
100 _aSantos, Bienvenido N.
_eAuthor
245 _aYou lovely people /
_cBienvenido N. Santos
260 _aMakati City, Philippines:
_bBookmark, Inc.,
_cc1991.
300 _axi, 241 p.;
_c18 cm.
490 _aFilipino literary classics
650 _a1. Philippine Literature (English).
942 _2ddc
_cBK - FIL
_n0
999 _c6886
_d6886